000 00495cam a2200205ua 4500
001 7328
005 20260515114208.0
008 150103n ii |||gr||||Z||||||ben
040 _cMAIN
041 _aben
082 _a891.443
100 _aJyotiska, Nab,
_eAuthor.
245 _aSat phota prem
_cBy Nab Jyotiska
250 _a1st.
260 _aCalcutta:
_bUtttaran,
_c2008.
300 _a56p.
653 _aEast Indo-European & Celtic literatures
653 _aBengali novels
942 _cBK
999 _c6448
_d6448